Strategie týdeník o médiích a marketingové komunikaci
Gespeichert in:
| Format: | Schriftenreihe |
|---|---|
| Sprache: | Tschechisch |
| Veröffentlicht: |
Praha
Mona
2000
|
| Schlagworte: | |
| Tags: |
Keine Tags, Fügen Sie das erste Tag hinzu!
|
MARC
| LEADER | 00000nas2a2200000 4500 | ||
|---|---|---|---|
| 001 | s125029 | ||
| 005 | 20231103122540.4 | ||
| 022 | |a 1210-3756 | ||
| 041 | 0 | |a cze | |
| 044 | |a CZ | ||
| 245 | 1 | 0 | |a Strategie |b týdeník o médiích a marketingové komunikaci |
| 264 | 1 | |a Praha |b Mona |c 2000 | |
| 300 | |a 2 zv. |e CD ROM | ||
| 773 | 0 | |w eu_un_cat*s120027 | |
| 610 | 2 | 0 | |a stratégia marketingová |
| 610 | 2 | 0 | |a reklama |
| 610 | 2 | 0 | |a médiá |